01880nam a22003017a 4500003000900000008004100009040007100050082002000121110005500141245007500196260003400271300004600305440009000351505079100441650002301232650002801255650002901283650001701312650001601329700003201345700003201377700002801409700002401437700003501461700003001496700002601526700002601552AR-CdUCM190425b ||||| |||| 00| 0 spa d aMUNICIPALIDAD PROVINCIAL DEL CUSCOcBIBLIOTECA MUNICIPAL DEL CUSCO aAndes/N°1/1995 aUniversidad Nacional de San Antonio Abad del Cusco aAndes :bRevista de Ciencias Sociales /cFacultad de Ciencias Sociales aCusco.bUniversitaria,c1995. a414 páginas. :bIlustraciones ;c21 cm. aAndes Revista Semestre de la Facultad de Ciencias Sociales semestre 94-IInN° 1.1995 aContenido: Julián Santisteban Ochoa, historiador y maestro. Horacio Villanueva Urteaga. -- Origen histórico de la provincia de Canas. German Zecenarro Madueño. -- El Inkaismo una constante en la mentalidad andina. José Tamayo Herrera. -- Periodismo cusqueño en la época de transición. Fructuoso Cahuata Corrales. -- La intelectualidad en el Cusco, primeros decenios del presente siglo. Fructuoso Cahuata Corrales. -- La intelectualidad en el Cusco, primeros decenios del presente siglo. Fructuoso Cahuata Corrales. -- Sillkinchani. Alfredo Mormontoy Atayupanqui. -- El conjunto arqueológico inka de Choquekirao. Roberto Samanez Argumedo. -- La visita de la provincia de León de Huánuco en 1562. Luis Barreda Murillo. -- Los fuegos de artificio. Luis Negrón Alonso. aHistoria del Cusco aArqueología del Cusco aAntropología del Cusco aPsicología aFilosofía aVillanueva Urteaga, Horacio aZecenarro Madueño, German aTamayo Herrera, José  aCahuata, Fructuoso aMormontoy Atayupanqui, Alfredo aSamanez Argumedo, Roberto aBarreda Murillo, Luis aNegrón Alonso, Luis